Jins al-Ḥarīm, (Record no. 45868)

MARC details
000 -LEADER
fixed length control field 00687cam a22002051 4500
001 - CONTROL NUMBER
control field ne 63000950
003 - CONTROL NUMBER IDENTIFIER
control field DLC
005 - DATE AND TIME OF LATEST TRANSACTION
control field 20260227111745.0
008 - FIXED-LENGTH DATA ELEMENTS--GENERAL INFORMATION
fixed length control field 820305s1962 ua 000 0 ararc
010 ## - LIBRARY OF CONGRESS CONTROL NUMBER
LC control number ne 63000950
035 ## - SYSTEM CONTROL NUMBER
System control number (OCoLC)8215287
040 ## - CATALOGING SOURCE
Original cataloging agency Princeton Univ. Libr.
Transcribing agency TU
Modifying agency TU
-- DLC
042 ## - AUTHENTICATION CODE
Authentication code premarc
050 00 - LIBRARY OF CONGRESS CALL NUMBER
Classification number PJ7814.S5
Item number J5
100 1# - MAIN ENTRY--PERSONAL NAME
Personal name ʻĀshūr, Nuʻmān.
245 10 - TITLE STATEMENT
Title Jins al-Ḥarīm,
Remainder of title kūmīdyā ijtimāʻīyah khaff̄ah fī thalāthat fuṣūl.
Statement of responsibility, etc. bi-qalam Nuʻmān ʻĀshūr.
260 ## - PUBLICATION, DISTRIBUTION, ETC.
Place of publication, distribution, etc. [al-Qāhirah,
Name of publisher, distributor, etc. al-Dār al-Qawmīyah lil-Ṭibāʻah wa-al-Nashr,
Date of publication, distribution, etc. 1962 ?]
300 ## - PHYSICAL DESCRIPTION
Extent 144 p.
Dimensions 24 cm.
490 0# - SERIES STATEMENT
Series statement al-Kitāb al-māsī, qiṣaṣ ʻArabīyah.

No items available.

Powered by Koha